000 00405nam a2200157Ia 4500
003 GCL
008 140319s9999 xx 000 0 eng d
040 _aGCL /
_cGCL
082 0 4 _aREF
_b911
_bB H
100 1 _aBRCE, WILLIAN C.
245 1 0 _aA HISTORICAL ATLAS OF ISLAM /
_cBRCE, WILLIAN C.
260 _a[S.N] :
_bE. J. BRILL ،
_c1981
650 0 4 _aATLASES
650 0 4 _aARLAS, ISLAM
942 _2ddc
_cBK
999 _c12266
_d12266